| 000 | 00713nam a22002057a 4500 | ||
|---|---|---|---|
| 999 |
_c7810 _d7810 |
||
| 005 | 20231102153143.0 | ||
| 008 | 231102b ||||| |||| 00| 0 eng d | ||
| 020 | _a9788419007742 | ||
| 040 | _aCDMR | ||
| 100 | 1 |
_913 _aFigueres i Artigues, Josep Maria |
|
| 245 |
_aValentí Almirall : _bquan tot va començar _c/ Josep M. Figueres |
||
| 260 |
_aBarcelona : _bBase, _c2023 |
||
| 300 | _a237 p. | ||
| 490 |
_aBase Històrica _v; 191 |
||
| 505 | _aApèndix amb la llista, no els textos, de les col·laboracions periodístiques d'Almirall (1867-1904): pàgines 185-237. | ||
| 600 | 1 | 0 |
_9192 _aAlmirall, Valentí |
| 610 | 2 | 0 |
_9194 _aDiari Català |
| 630 | 0 |
_94904 _aEl Estado Catalán (Diari) |
|
| 942 |
_2udc _cMON |
||